00521cam a2200181 a 4500008004100000020001500041100002000056245007600076260002900152300003300181500002000214650003800234700001900272700002100291003000100312005001700313040000900330  a025613619X1 aByars, Lloyd L.10aStrategic management /cLloyd L. Byars, Leslie W. Rue, Shaker A. Zahra. aChicago :bIrwin,c1996. axi, 366 p. :bill. ;c24 cm. aIncludes index. 0aStrategic planningxCase studies.1 aRue, Leslie W.1 aZahra, Shaker A.20230123122025.0 cNUST